Saint Paul. (Record no. 5165)

000 -LEADER
fixed length control field 00623nam a2200181 a 4500
001 - CONTROL NUMBER
control field :::00002906$&:&@@
003 - CONTROL NUMBER IDENTIFIER
control field OkBaRHE
005 - DATE AND TIME OF LATEST TRANSACTION
control field 20000607103258.0
008 - FIXED-LENGTH DATA ELEMENTS--GENERAL INFORMATION
fixed length control field s1916 j 000 0 eng u
040 ## - CATALOGING SOURCE
Transcribing agency
100 1# - MAIN ENTRY--PERSONAL NAME
Personal name Lenski, R. C. H. (Richard Charles Henry), 1864-1936.
245 10 - TITLE STATEMENT
Title Saint Paul.
Statement of responsibility, etc A brief series of evening texts made ready for pulpit work.
260 ## - PUBLICATION, DISTRIBUTION, ETC. (IMPRINT)
Place of publication, distribution, etc Columbus, OH., :
Name of publisher, distributor, etc Lutheran Book Concern
Date of publication, distribution, etc c1916
300 ## - PHYSICAL DESCRIPTION
Extent 247 p. ;
Dimensions 20 cm.
650 ## - SUBJECT ADDED ENTRY--TOPICAL TERM
Topical term or geographic name as entry element Paul, Saint, apostle
942 ## - ADDED ENTRY ELEMENTS (KOHA)
Source of classification or shelving scheme
Koha item type Books
Copies
Full call number Source of classification or shelving scheme Withdrawn status Date acquired Koha item type Copy number Permanent Location Date last seen Price effective from Lost status Not for loan Damaged status Barcode Shelving location
BS 2505 .L338  2010-04-14Books1RHEMA Bible Training College2018-03-162010-04-14   2906General Stacks